[Event "Oberliga Wuerttemberg 1112"]
[Site "Wuerttemberg"]
[Date "2012.04.15"]
[Round "9.3"]
[White "Weiss, Andreas"]
[Black "Hofmann, Martin"]
[Result "1-0"]
[WhiteElo "2199"]
[BlackElo "2188"]
[PlyCount "127"]
[EventDate "2011.10.09"]
[EventType "team-tourn"]
[EventRounds "9"]
[EventCountry "GER"]
[SourceTitle "EXT 2019"]
[Source "ChessBase"]
[SourceDate "2018.10.10"]
[SourceVersion "1"]
[SourceVersionDate "2018.10.10"]
[SourceQuality "1"]
[WhiteTeam "Schwaebisch Gmuend"]
[BlackTeam "Stuttgart SF II"]
[WhiteTeamCountry "GER"]
[BlackTeamCountry "GER"]

1. e4 d5 2. exd5 Qxd5 3. Nc3 Qa5 4. d4 c6 5. Nf3 Nf6 6. Bd2 Bf5 7. Bc4 e6 8. Nd5 Qd8 9. Nxf6+ Qxf6 10. Qe2 Bg4 11. 0-0-0 Nd7 12. d5 Bxf3 13. gxf3 cxd5 14. Bxd5 0-0-0 15. Qc4+ Nc5 16. Be4 Kb8 17. Be3 Nxe4 18. Rxd8+ Qxd8 19. fxe4 a6 20. Rd1 Qc7 21. Qd4 b5 22. Qd8+ Qxd8 23. Rxd8+ Kc7 24. Ra8 g6 25. Ra7+ Kd6 26. Bf4+ Kc5 27. Rxf7 Bd6 28. Be3+ Kc6 29. h3 a5 30. Bd4 e5 31. Be3 h6 32. a3 a4 33. h4 g5 34. hxg5 hxg5 35. Bxg5 Rh1+ 36. Kd2 Rb1 37. Kc3 Re1 38. Be3 Rd1 39. Ra7 Bc7 40. Ra6+ Kb7 41. Re6 Ba5+ 42. b4 Bc7 43. Rg6 Ra1 44. Kb2 Re1 45. c4 bxc4 46. Kc3 Ra1 47. Kxc4 Rxa3 48. Kb5 Ra1 49. Ra6 a3 50. Ra7+ Kc8 51. Kc6 Bb8 52. Rf7 Rd1 53. Rf8+ Rd8 54. Rxd8+ Kxd8 55. Bc1 a2 56. Bb2 Ke7 57. b5 Ke6 58. b6 Bd6 59. Ba1 Bb8 60. Kb7 Bd6 61. Kc8 Kf6 62. f4 Ke6 63. f5+ Kf6 64. b7 1-0

[Event "Oberliga Wuerttemberg 1112"]
[Site "Wuerttemberg"]
[Date "2012.02.26"]
[Round "7.3"]
[White "Nagelsdiek, Michael"]
[Black "Weiss, Andreas"]
[Result "0-1"]
[WhiteElo "2139"]
[BlackElo "2199"]
[PlyCount "112"]
[EventDate "2011.10.09"]
[EventType "team-tourn"]
[EventRounds "9"]
[EventCountry "GER"]
[SourceTitle "EXT 2019"]
[Source "ChessBase"]
[SourceDate "2018.10.10"]
[SourceVersion "1"]
[SourceVersionDate "2018.10.10"]
[SourceQuality "1"]
[WhiteTeam "Pfullingen"]
[BlackTeam "Schwaebisch Gmuend"]
[WhiteTeamCountry "GER"]
[BlackTeamCountry "GER"]

1. d4 Nf6 2. Nf3 e6 3. Bf4 b6 4. e3 Bb7 5. Bd3 c5 6. Nbd2 Be7 7. 0-0 0-0 8. c3 cxd4 9. exd4 d6 10. Re1 Nbd7 11. Qc2 Re8 12. Re2 a6 13. Rae1 b5 14. h3 Rc8 15. a3 h6 16. Ne4 Nxe4 17. Bxe4 Bxe4 18. Qxe4 Nf6 19. Qd3 Qb6 20. g4 Qc6 21. Nd2 Bf8 22. Ne4 Nxe4 23. Rxe4 Qd5 24. Bg3 a5 25. R4e3 b4 26. axb4 axb4 27. f4 bxc3 28. bxc3 Red8 29. f5 exf5 30. gxf5 Rc4 31. R1e2 Ra4 32. Be1 Qc4 33. Qxc4 Rxc4 34. d5 Kh7 35. Re4 Rxe4 36. Rxe4 g6 37. f6 g5 38. Bf2 Kg6 39. Bd4 h5 40. Kf2 Ra8 41. Kf3 Kf5 42. Re2 g4+ 43. hxg4+ hxg4+ 44. Kg3 Bh6 45. c4 Bf4+ 46. Kg2 Ra4 47. Rc2 Ke4 48. Bb2 Ra2 49. Kf1 Be3 50. Kg2 Bd4 51. c5 Bxc5 52. Rd2 Be3 53. Re2 Kd3 54. Kf1 Bd4 55. Re7 Rxb2 56. Re2 Rb1+ 0-1

[Event "Staufer op 24th"]
[Site "Schwaebisch Gmuend"]
[Date "2012.01.05"]
[Round "7"]
[White "Stahnecker, Ludwig"]
[Black "Weiss, Andreas"]
[Result "1-0"]
[WhiteElo "2084"]
[BlackElo "2199"]
[PlyCount "73"]
[EventDate "2012.01.02"]
[EventType "swiss"]
[EventRounds "9"]
[EventCountry "GER"]
[SourceTitle "CBM 146 Extra"]
[Source "ChessBase"]
[SourceDate "2012.02.29"]
[SourceVersion "1"]
[SourceVersionDate "2012.02.29"]
[SourceQuality "1"]

1. e4 c5 2. Nf3 e6 3. d4 cxd4 4. Nxd4 a6 5. Nc3 Qc7 6. Be2 Nc6 7. Be3 Nf6 8. 0-0 b5 9. f4 b4 10. Na4 Nxe4 11. Bf3 f5 12. Bxe4 fxe4 13. f5 exf5 14. Nxf5 Ne5 15. Nxg7+ Bxg7 16. Qh5+ Ng6 17. Qd5 Ne5 18. Qxa8 Qb7 19. Qxb7 Bxb7 20. Rad1 Bc6 21. Nb6 Rf8 22. Rxf8+ Bxf8 23. h3 a5 24. b3 Bg7 25. Nd5 Bb7 26. Bb6 Nc6 27. Kf2 Ne7 28. Nxe7 Kxe7 29. Bxa5 d5 30. Bxb4+ Ke6 31. Bc5 Bf6 32. Bd4 Be7 33. c3 Ba6 34. a4 Bd3 35. Rxd3 exd3 36. a5 Bg5 37. a6 1-0